000 00857nam a2200265Ia 4500
003 OSt
005 20220926004635.0
006 a|||||r|||| 00| 0
007 ta
008 220923b |||||||| |||| 00| 0 eng d
020 _a9788129130877
_c505.75
037 _b5254, 22/07/2014, RAJKIRAN BOOK AGENCY
_cGeneral Book
040 _aRTL
_cRTL
_beng
041 _2eng
_aeng
082 _aW:28.2, Q4
100 _aSUBRAMANIAN T.S.R.
_9309051
245 0 _aIndia at turning point
_b The road to good governance
260 _a New Delhi
_bRupa Publications
_c2014
300 _axiii,274p.
_ccm.
490 _aVariorum Collected Studies Series
500 _aBibliography chapterwise
650 _aCommerce
942 _hW:28.2, Q4
_cGB
_2CC
999 _c611855
_d611855